000 01385nam a2200397 a 4500
001 000011337
003 DO-SdBNP
005 20171009101327.0
007 000011337
008 091016s2000 dr 000 0 spa d
020 _a99934310001
040 _aBPMSU
_bspa
_cBPMSU
082 4 _aRD862.44
_bD611b, 2000
100 1 _aDisla, Reynaldo,
_d1956-
245 1 0 _aBolo Francisco :
_bteatro /
_cReynaldo Disla ; presentación Diómedes Núñez Polanco ; coordinador Miguel Collado
250 _a2a ed.
260 _aSanto Domingo :
_bBiblioteca Nacional,
_c2000.
300 _a140 p. ;
_c23 cm.
490 1 _aColección de la Biblioteca Nacional
586 _aPremio Casa de las Américas 1985.
650 4 _aTEATRO DOMINICANO
650 4 _aLITERATURA DOMINICANA
700 1 _aCallado, Miguel
_ecoor.
700 1 _aDiómedes Núñez Polanco.
_epres.
830 0 _aColección de la Biblioteca Nacional
910 _aValidado. Control de calidad BNPHU
930 1 _lBND01
_mLF1
_820091016
_f04
_pHD
_g6525
930 1 _lBND01
_mLF1
_820091016
_f04
_pHD
_g6524
930 1 _lBND01
_mLF1
_820091016
_f01
_pHD
_g6524
_he. 2
942 _2ddc
_cBK
945 _aInventariado, 2017/MFF
956 _aAVARGAS
_b10
_c20091016
_lBND01
_h1057
956 _aRABREU
_b10
_c20091019
_lBND01
_h1106
956 _aMMOLINA
_b40
_c20110908
_lBND01
_h1210
956 _aVMATEO
_b10
_c20150806
_lBPMSU
_h000151
999 _c8093
_d8093